| 000 | 00445nam a2200157 i 4500 | ||
|---|---|---|---|
| 001 | 84763 | ||
| 003 | ES-MaACL | ||
| 005 | 20230906175110.0 | ||
| 007 | t| | ||
| 008 | 041124s1973 sp ||||1| spa d | ||
| 100 | 1 |
_aJiménez Narro, Vicente. _966576 |
|
| 245 | 1 | 0 |
_aSemáforos trípticos del Doctor Agudo / _cVicente Jiménez Narro. |
| 260 |
_aMadrid : _bStudium, _c[1973] |
||
| 300 |
_a470 p. ; _c16 cm. |
||
| 852 |
_aES-MaACL _jC-54181 _bR.86812 |
||
| 999 |
_c84763 _d84763 |
||